000 00666nam a2200253Ia 4500
003 OSt
005 20221006143940.0
006 a|||||r|||| 00| 0
007 ta
008 221006b |||||||| |||| 00| 0 eng d
020 _cP1.10
024 _a10,465
037 _cTextual
040 _aEASL
_cEASL
_beng
041 _2eng
_aeng
082 _aW:19(zP), K3
100 _aBROWN Neville
_996491
245 0 _aStrategic mobility
260 _aLondon
_bChatto & Windus
_c1963
300 _a254p.
_ccm.
490 _v Oth
_astudies in international security : 7
942 _hW:19(zP), K3
_cTEXL
_2CC
999 _c1078551
_d1078551